000 00623nam a22002057a 4500
003 OSt
005 20251024050921.0
008 251022b |||||||| |||| 00| 0 eng d
020 _a13: 978-1-4180-0181-0.
040 _aDWCL-Main lib
_cOC
082 _aCirc. 690 S745c 2006
100 _aWilliam P. Spence
245 _aConstruction methods, materials and techniques
260 _aN. Y. :
_bThomson/Delmar Learning,
_cc2006.
300 _axvii, 1079 pages :
_billustration ;
_c28 cm.
504 _aIncludes index.
650 _21. Building materials.
650 _22. Building.
942 _2ddc
_cBK-CIRC
_e2nd ed
_kCirc.
_n0
999 _c4987
_d4987